00338nam a2200133Ia 4500008004100000020001800041041001200059100001300071245005000084260003300134300000900167650001500176700001300191221030s9999 xx 000 0 und d a9789353595999 aEnglish aV. Kumar 0aBusiness Communicationcby V. Kumar, Bodh Raj bKalyani Pub.aLudhianac2020 a18.8 aManagement aBodh Raj